000 00582nam a2200205Ia 4500
005 20250508170039.0
008 008 250505s9999 xx 000 0 hin d
020 _a81-219-2758-7
037 _aDissertations
040 _aFEDL
_beng
_cFEDL
041 _ahin
_2eng
084 _a305.42, SAN/DI
_qFEDL
100 _aSandeep Kumar
245 0 _aVidyalaya shiksha prapti mein laingik vibhedikaran
260 _c2005
300 _a98p.
546 _aM.Ed. Dissertation, (Delhi University); Gifted
942 _cDIS
_h305.42, SAN/DI
999 _c1398908
_d1398908